Statistics for Big 5 European Football Teams - Click Quiz

Click here to take the quiz!

General Stats

  • This quiz has been taken 368 times
  • The average score is 22 of 25

Answer Stats

HintAnswer% Correct
Brighton & Hove AlbionPremier League
95%
WolverhamptonPremier League
95%
FreiburgBundesliga
94%
DortmundBundesliga
94%
Aston VillaPremier League
93%
Crystal PalacePremier League
93%
StuttgartBundesliga
92%
SchalkeBundesliga
92%
BrentfordPremier League
92%
WolfsburgBundesliga
91%
Celta VigoLa Liga
91%
MonacoLigue 1
91%
TorinoSerie A
91%
EmpoliSerie A
90%
GetafeLa Liga
89%
CadizLa Liga
89%
AuxerreLigue 1
89%
UdineseSerie A
87%
OsasunaLa Liga
84%
AngersLigue 1
84%
TroyesLigue 1
84%
MonzaSerie A
82%
StrasbourgLigue 1
78%
ElcheLa Liga
77%
LecceSerie A
73%

Score Distribution

Percentile by Number Answered

Percent of People with Each Score

Your Score History

You have not taken this quiz